Großstädte Portugals - Statistiken

Allgemein
  • Dieses Quiz wurde 57 mal gespielt
  • Das Durchschnittsergebnis liegt bei 3 aus 7
Antwortstatistiken
Einwohnerzahl Stadt % Korrekt
545.796 Lissabon
100%
231.800 Porto
98%
146.543 Braga
61%
105.590 Funchal
31%
106.655 Coimbra
24%
171.454 Amadora
6%
188.421 Vila Nova de Gaia
6%
Keine übereinstimmenden Quizze gefunden
Verteilung der Resultate
Anzahl Personen mit jedem Resultat
Perzentil nach korrekt beantworteten Fragen
Ihre Resultats-Entwicklung
Sie haben dieses Quiz noch nicht gespielt